000 01895nam a22002657a 4500
999 _c57001
_d57001
003 Ge_BSU
005 20191001115108.0
008 191001s2018 ge ||||| |||| 00| 0 geo d
041 _ageo
080 _a37 ც-81
100 _aშავერდაშვილი , ეკატერინე.
_94414
245 _aცოდნა და ღირებულებითი განათლება შესავალი /
_cეკატერინე შავერდაშვილი ; თამარ მოსიაშვილი ; რედ : ეკატერინე ქუთათელაძე ; გვანცა ბურდული ; კოორდ. შორენა მაღლაკელიძე.
264 _aთბილისი ,
_c2018.
300 _a119 გვ .:
_c20 სმ.
501 _a+1CD
504 _aბიბლიოგრ.გვ:114-119
653 _aპედაგოგიკა
653 _aცოდნა
700 _aმოსიაშვილი, თამარ
_94415
700 _aუთათელაძე, ეკატერინე
_eრედაქტორი
_94418
700 _aბურდული, გვანცა
_eრედაქტორი
_92413
700 _aმაღლაკელიძე, შორენა
_eპროექტის კოორდინატორი საქართველოდან
_93942
710 _eკურუკულუმის რეფორმა სამოქალაქო განათლებისა და დემოკრატიის პრინციპების ხელშეწყობისათვის მასწავლებელთა მომზადების პროგრამებში ისრაელსა და საქართველოში
_94416
942 _2udc
_cBK